书目信息 |
| 题名: |
山西聚落
|
|
| 作者: | 王金平 著 | |
| 分册: | ||
| 出版信息: | 北京 中国建筑工业出版社 2022.12 |
|
| 页数: | 363页 | |
| 开本: | 20cm | |
| 丛书名: | 中国传统聚落保护研究丛书 | |
| 单 册: | ||
| 中图分类: | K922.5 | |
| 科图分类: | ||
| 主题词: | 地理--中国 | |
| 电子资源: | ||
| ISBN: | 978-7-112-25744-7 | |
| 000 | 00717nam0 2200229 450 | |
| 001 | 2333930048 | |
| 005 | 20230505092650.17 | |
| 010 | @a978-7-112-25744-7@dCNY298.00 | |
| 100 | @a20230505d2022 km y0chiy0120 ea | |
| 101 | 0 | @achi |
| 102 | @aCN@b110000 | |
| 200 | 1 | @a山西聚落@AShan Xi Ju Luo@f王金平等著@FWang Jin Ping Deng Zhu |
| 210 | @a北京@c中国建筑工业出版社@d2022.12 | |
| 215 | @a363页@d20cm | |
| 225 | 2 | @a中国传统聚落保护研究丛书 |
| 300 | @a国家出版基金项目 国家重大出版工程项目"十三五 " 国家重点图书 | |
| 410 | 0 | @12001 @a中国传统聚落保护研究丛书 |
| 606 | 0 | @a地理@x中国 |
| 690 | @aK922.5@v4 | |
| 701 | 0 | @a王金平@AWang Jin Ping@4著 |
| 801 | 0 | @aCN@b河南城建学院图书馆@c20230505 |
| 905 | @dK922.5@eW234 | |
| 山西聚落/王金平等著.-北京:中国建筑工业出版社,2022.12 |
| 363页;20cm.-(中国传统聚落保护研究丛书) |
| 国家出版基金项目 国家重大出版工程项目"十三五 " 国家重点图书 |
| ISBN 978-7-112-25744-7:CNY298.00 |
| ● |
| 相关链接 |
|
|
|
正题名:山西聚落
索取号:K922.5/W234
 
预约/预借
| 序号 | 登录号 | 条形码 | 馆藏地/架位号 | 状态 | 备注 |
| 1 | 1504286 | 215042861 | 建筑与城市规划学院资料室/ [索取号:K922.5/W234] | 在馆 |